00516nam a2200169Ia 4500001001000000003000500010008004100015010001100056040000900067082001600076100002400092245009700116260003900213300001100252650003900263650004400302Para_2106CHAP220125sc199 xx 000 0 und d a204572 cCHAP aPA 632.8 K9 aKyle, Molly M., ed. aResistance to viral diseases of vegetables :b genetics & breeding /c ed. by Molly M. Kyle aPortland, Oregon :b Timber press a278 p. aPlantas x enfermedades por virus aPlantas x resistencia a enfermedades